[Event "11th LCC Rapid 2019"]
[Site "London"]
[Date "2019.12.07"]
[Round "6.6"]
[White "Richardson, John R"]
[Black "Clarke, Brandon Gi"]
[Result "0-1"]
[WhiteElo "2241"]
[BlackElo "2380"]
[PlyCount "118"]
[EventDate "2019.12.08"]
[EventType "swiss"]
[EventCountry "ENG"]
[TimeControl "15+10"]
[WhiteClock "0:00:27"]
[BlackClock "0:02:26"]

1. d4 {[%emt 0:00:00]} Nf6 {[%emt 0:00:00]} 2. c4 {[%emt 0:00:00]} g6 {[%emt 0:00:00]} 3. g3 {[%emt 0:00:00]} Bg7 {[%emt 0:00:00]} 4. Bg2 {[%emt 0:00:00]} O-O {[%emt 0:00:00]} 5. Nc3 {[%emt 0:00:00]} d6 {[%emt 0:00:00]} 6. Nf3 {[%emt 0:00:00]} Nbd7 {[%emt 0:00:00]} 7. O-O {[%emt 0:00:00]} e5 {[%emt 0:00:00]} 8. e4 {[%emt 0:00:00]} c6 {[%emt 0:00:00]} 9. h3 {[%emt 0:00:00]} Qb6 {[%emt 0:00:00]} 10. c5 {[%emt 0:00:00]} dxc5 {[%emt 0:00:00]} 11. dxe5 {[%emt 0:00:00]} Ne8 {[%emt 0:00:00]} 12. e6 {[%emt 0:00:00]} fxe6 {[%emt 0:00:00]} 13. Ng5 {[%emt 0:00:00]} Ne5 {[%emt 0:00:00]} 14. Na4 {[%emt 0:00:00]} Qb5 {[%emt 0:00:46]} 15. f4 {[%emt 0:00:00]} Nf7 {[%emt 0:00:00]} 16. Nxf7 {[%emt 0:00:00]} Bd4+ {[%emt 0:00:00]} 17. Kh2 {[%emt 0:00:00]} Rxf7 {[%emt 0:00:00]} 18. e5 {[%emt 0:00:00]} Nc7 {[%emt 0:00:00]} 19. Nc3 {[%emt 0:00:00]} Qa5 {[%emt 0:00:00]} 20. Ne4 {[%emt 0:00:00]} Nd5 {[%emt 0:00:00]} 21. Ng5 {[%emt 0:00:00]} Re7 {[%emt 0:00:00]} 22. h4 {[%emt 0:00:00]} h6 {[%emt 0:00:00]} 23. Ne4 {[%emt 0:00:00]} Bd7 {[%emt 0:00:00]} 24. Qg4 {[%emt 0:00:00]} Kh7 {[%emt 0:00:00]} 25. Nd6 {[%emt 0:00:00]} h5 {[%emt 0:00:00]} 26. Qg5 {[%emt 0:00:00]} Rg7 {[%emt 0:00:00]} 27. Be4 {[%emt 0:00:00]} Qa6 {[%emt 0:00:00]} 28. Qxh5+ {[%emt 0:00:00]} Kg8 {[%emt 0:00:00]} 29. Qf3 {[%emt 0:00:00]} Rf8 {[%emt 0:00:00]} 30. Kg2 {[%emt 0:00:00]} Bxe5 {[%emt 0:00:00]} 31. Bd3 {[%emt 0:00:00]} b5 {[%emt 0:00:00]} 32. Ne4 {[%emt 0:00:00]} Bd4 {[%emt 0:00:00]} 33. h5 {[%emt 0:00:00]} c4 {[%emt 0:00:00]} 34. Bb1 {[%emt 0:00:00]} gxh5 {[%emt 0:00:03]} 35. Qxh5 {[%emt 0:00:13]} Nf6 {[%emt 0:01:03]} 36. Nxf6+ {[%emt 0:00:18]} Rxf6 {[%emt 0:00:01]} 37. Rh1 {[%emt 0:00:09]} c5 {[%emt 0:00:14]} 38. Be4 {[%emt 0:00:29]} Bc6 {[%emt 0:00:14]} 39. Qf3 {[%emt 0:00:05]} Bxe4 {[%emt 0:01:42]} 40. Qxe4 {[%emt 0:00:01]} Qb7 {[%emt 0:00:02]} 41. Qxb7 {[%emt 0:00:32]} Rxb7 {[%emt 0:00:01]} 42. Rb1 {[%emt 0:00:01]} e5 {[%emt 0:00:19]} 43. Kf3 {[%emt 0:00:11]} Re7 {[%emt 0:00:31]} 44. Re1 {[%emt 0:00:32]} e4+ {[%emt 0:00:02]} 45. Rxe4 {[%emt 0:00:28]} Rxe4 {[%emt 0:00:01]} 46. Kxe4 {[%emt 0:00:01]} Re6+ {[%emt 0:00:01]} 47. Kf5 {[%emt 0:00:41]} Re1 {[%emt 0:00:03]} 48. g4 {[%emt 0:00:01]} Kf7 {[%emt 0:00:58]} 49. g5 {[%emt 0:00:03]} Rg1 {[%emt 0:00:07]} 50. b4 {[%emt 0:01:24]} c3 {[%emt 0:00:46]} 51. bxc5 {[%emt 0:00:02]} c2 {[%emt 0:01:27]} 52. Rxb5 {[%emt 0:00:02]} Rxc1 {[%emt 0:00:02]} 53. g6+ {[%emt 0:00:11]} Ke7 {[%emt 0:00:13]} 54. Rb7+ {[%emt 0:00:02]} Kd8 {[%emt 0:00:02]} 55. Rb4 {[%emt 0:01:30]} Rd1 {[%emt 0:00:33]} 56. Rxd4+ {[%emt 0:00:16]} Rxd4 {[%emt 0:00:08]} 57. g7 {[%emt 0:00:01]} Rxf4+ {[%emt 0:00:13]} 58. Kg5 {[%emt 0:00:17]} c1=Q {[%emt 0:00:04]} 59. g8=Q+ {[%emt 0:00:09]} Rf8+ {[%emt 0:00:02]} 0-1

[Event "11th LCC Rapid 2019"]
[Site "London"]
[Date "2019.12.07"]
[Round "6.7"]
[White "Harakis, Alexis M"]
[Black "Stoyanov, Viktor"]
[Result "1/2-1/2"]
[WhiteElo "2267"]
[BlackElo "2272"]
[PlyCount "246"]
[EventDate "2019.12.08"]
[EventType "swiss"]
[EventCountry "ENG"]
[TimeControl "15+10"]
[WhiteClock "0:05:06"]
[BlackClock "0:00:37"]

1. d4 {[%emt 0:00:00]} Nf6 {[%emt 0:00:00]} 2. c4 {[%emt 0:00:00]} g6 {[%emt 0:00:00]} 3. Nc3 {[%emt 0:00:00]} d5 {[%emt 0:00:00]} 4. cxd5 {[%emt 0:00:00]} Nxd5 {[%emt 0:00:00]} 5. e4 {[%emt 0:00:00]} Nxc3 {[%emt 0:00:00]} 6. bxc3 {[%emt 0:00:00]} Bg7 {[%emt 0:00:00]} 7. Nf3 {[%emt 0:00:00]} c5 {[%emt 0:00:00]} 8. Bb5+ {[%emt 0:00:00]} Nc6 {[%emt 0:00:00]} 9. O-O {[%emt 0:00:00]} O-O {[%emt 0:00:00]} 10. Be3 {[%emt 0:00:00]} Bg4 {[%emt 0:00:00]} 11. d5 {[%emt 0:00:00]} Ne5 {[%emt 0:00:00]} 12. Be2 {[%emt 0:00:00]} Nxf3+ {[%emt 0:00:00]} 13. Bxf3 {[%emt 0:00:00]} Bxf3 {[%emt 0:00:00]} 14. Qxf3 {[%emt 0:00:00]} Rc8 {[%emt 0:00:00]} 15. Rab1 {[%emt 0:00:00]} Qd7 {[%emt 0:00:00]} 16. c4 {[%emt 0:00:00]} b6 {[%emt 0:00:00]} 17. Bg5 {[%emt 0:00:00]} e6 {[%emt 0:00:00]} 18. Rbd1 {[%emt 0:00:00]} exd5 {[%emt 0:00:00]} 19. cxd5 {[%emt 0:00:00]} Rfe8 {[%emt 0:00:00]} 20. Rfe1 {[%emt 0:00:00]} h6 {[%emt 0:00:00]} 21. Bf6 {[%emt 0:00:00]} Bxf6 {[%emt 0:00:00]} 22. Qxf6 {[%emt 0:00:00]} Qd8 {[%emt 0:00:00]} 23. Qc3 {[%emt 0:00:00]} Qg5 {[%emt 0:00:00]} 24. e5 {[%emt 0:00:00]} b5 {[%emt 0:00:00]} 25. d6 {[%emt 0:00:00]} b4 {[%emt 0:00:00]} 26. Qh3 {[%emt 0:00:00]} Rcd8 {[%emt 0:00:00]} 27. e6 {[%emt 0:00:00]} fxe6 {[%emt 0:00:00]} 28. Rxe6 {[%emt 0:00:00]} Qf5 {[%emt 0:00:00]} 29. Rxe8+ {[%emt 0:00:00]} Rxe8 {[%emt 0:00:00]} 30. Qxh6 {[%emt 0:00:00]} Qc2 {[%emt 0:01:45]} 31. Qc1 {[%emt 0:00:00]} Qxc1 {[%emt 0:00:43]} 32. Rxc1 {[%emt 0:00:00]} Kf7 {[%emt 0:00:07]} 33. d7 {[%emt 0:00:00]} Rd8 {[%emt 0:00:01]} 34. Rxc5 {[%emt 0:00:00]} Rxd7 {[%emt 0:00:01]} 35. Kf1 {[%emt 0:00:00]} Ke6 {[%emt 0:00:42]} 36. Ra5 {[%emt 0:00:00]} Rc7 {[%emt 0:00:19]} 37. Ke2 {[%emt 0:00:00]} Rc2+ {[%emt 0:00:06]} 38. Ke3 {[%emt 0:00:00]} Rc3+ {[%emt 0:00:04]} 39. Kd2 {[%emt 0:00:00]} Rc7 {[%emt 0:00:10]} 40. g4 {[%emt 0:00:00]} Rh7 {[%emt 0:00:48]} 41. Ke3 {[%emt 0:00:00]} Rh3+ {[%emt 0:00:08]} 42. Ke4 {[%emt 0:00:00]} Rxh2 {[%emt 0:00:09]} 43. Ra6+ {[%emt 0:00:00]} Kf7 {[%emt 0:00:13]} 44. Rxa7+ {[%emt 0:00:00]} Kf6 {[%emt 0:00:01]} 45. f4 {[%emt 0:00:00]} Rc2 {[%emt 0:00:30]} 46. Ra6+ {[%emt 0:00:00]} Kf7 {[%emt 0:00:02]} 47. g5 {[%emt 0:00:00]} Rc4+ {[%emt 0:00:03]} 48. Ke5 {[%emt 0:00:00]} Rc5+ {[%emt 0:00:04]} 49. Kd4 {[%emt 0:00:00]} Rc2 {[%emt 0:00:28]} 50. Ke5 {[%emt 0:00:00]} Rc5+ {[%emt 0:00:02]} 51. Kd4 {[%emt 0:00:00]} Rc2 {[%emt 0:00:01]} 52. Kd3 {[%emt 0:00:07]} Rc3+ {[%emt 0:00:05]} 53. Kd2 {[%emt 0:00:35]} Rc4 {[%emt 0:00:11]} 54. Rf6+ {[%emt 0:00:02]} Kg7 {[%emt 0:00:02]} 55. Kd3 {[%emt 0:00:37]} Rc3+ {[%emt 0:00:01]} 56. Ke4 {[%emt 0:00:02]} Ra3 {[%emt 0:00:25]} 57. Rb6 {[%emt 0:00:02]} Rxa2 {[%emt 0:00:11]} 58. Rb7+ {[%emt 0:00:01]} Kf8 {[%emt 0:00:02]} 59. Rxb4 {[%emt 0:00:02]} Ra7 {[%emt 0:00:02]} 60. Ke5 {[%emt 0:00:55]} Kf7 {[%emt 0:00:02]} 61. Rd4 {[%emt 0:00:21]} Re7+ {[%emt 0:00:10]} 62. Kd6 {[%emt 0:00:16]} Ra7 {[%emt 0:00:02]} 63. Rc4 {[%emt 0:00:03]} Ra6+ {[%emt 0:00:04]} 64. Kd5 {[%emt 0:00:20]} Ra7 {[%emt 0:00:04]} 65. Rc6 {[%emt 0:00:05]} Ra5+ {[%emt 0:00:02]} 66. Kd6 {[%emt 0:00:21]} Ra7 {[%emt 0:00:01]} 67. Kd5 {[%emt 0:01:59]} Ra5+ {[%emt 0:00:03]} 68. Ke4 {[%emt 0:00:02]} Ra4+ {[%emt 0:00:03]} 69. Kf3 {[%emt 0:00:02]} Ra3+ {[%emt 0:00:01]} 70. Kg4 {[%emt 0:00:01]} Ra7 {[%emt 0:00:01]} 71. Rf6+ {[%emt 0:00:02]} Kg7 {[%emt 0:00:01]} 72. Kf3 {[%emt 0:01:16]} Ra3+ {[%emt 0:00:09]} 73. Ke4 {[%emt 0:00:00]} Ra4+ {[%emt 0:00:01]} 74. Kd5 {[%emt 0:00:37]} Ra5+ {[%emt 0:00:02]} 75. Ke6 {[%emt 0:00:01]} Ra6+ {[%emt 0:00:01]} 76. Ke7 {[%emt 0:00:01]} Ra7+ {[%emt 0:00:01]} 77. Kd8 {[%emt 0:00:02]} Ra8+ {[%emt 0:00:04]} 78. Kc7 {[%emt 0:00:02]} Ra7+ {[%emt 0:00:01]} 79. Kb6 {[%emt 0:00:01]} Re7 {[%emt 0:00:18]} 80. Rc6 {[%emt 0:00:17]} Kf7 {[%emt 0:00:10]} 81. Rf6+ {[%emt 0:00:08]} Kg7 {[%emt 0:00:02]} 82. Kc6 {[%emt 0:00:01]} Ra7 {[%emt 0:00:03]} 83. Rd6 {[%emt 0:00:01]} Ra6+ {[%emt 0:00:07]} 84. Kd5 {[%emt 0:00:02]} Ra4 {[%emt 0:00:31]} 85. Rd7+ {[%emt 0:00:08]} Kf8 {[%emt 0:01:26]} 86. Ke5 {[%emt 0:00:53]} Ra5+ {[%emt 0:00:08]} 87. Kf6 {[%emt 0:01:25]} Ra6+ {[%emt 0:00:01]} 88. Ke5 {[%emt 0:00:05]} Ra5+ {[%emt 0:00:02]} 89. Rd5 {[%emt 0:00:06]} Ra4 {[%emt 0:01:13]} 90. Rd4 {[%emt 0:01:49]} Ra5+ {[%emt 0:01:49]} 91. Ke6 {[%emt 0:00:07]} Ra6+ {[%emt 0:00:09]} 92. Rd6 {[%emt 0:00:03]} Ra4 {[%emt 0:00:01]} 93. Rd8+ {[%emt 0:00:04]} Kg7 {[%emt 0:00:01]} 94. Rd7+ {[%emt 0:00:01]} Kg8 {[%emt 0:00:05]} 95. Kf6 {[%emt 0:00:01]} Rxf4+ {[%emt 0:00:03]} 96. Kxg6 {[%emt 0:00:01]} Rf8 {[%emt 0:00:02]} 97. Kh6 {[%emt 0:01:11]} Ra8 {[%emt 0:00:02]} 98. Rg7+ {[%emt 0:00:06]} Kh8 {[%emt 0:00:01]} 99. Rc7 {[%emt 0:00:23]} Rb8 {[%emt 0:00:05]} 100. Rh7+ {[%emt 0:00:17]} Kg8 {[%emt 0:00:02]} 101. Rg7+ {[%emt 0:00:01]} Kh8 {[%emt 0:00:00]} 102. Rf7 {[%emt 0:00:01]} Rb6+ {[%emt 0:00:13]} 103. Rf6 {[%emt 0:00:12]} Rb8 {[%emt 0:00:01]} 104. g6 {[%emt 0:00:38]} Kg8 {[%emt 0:00:02]} 105. Rf7 {[%emt 0:00:08]} Ra8 {[%emt 0:00:01]} 106. Rg7+ {[%emt 0:00:01]} Kh8 {[%emt 0:00:02]} 107. Re7 {[%emt 0:00:12]} Kg8 {[%emt 0:00:01]} 108. Re6 {[%emt 0:00:10]} Rb8 {[%emt 0:00:03]} 109. Kg5 {[%emt 0:00:02]} Ra8 {[%emt 0:00:06]} 110. Kf6 {[%emt 0:00:00]} Rf8+ {[%emt 0:00:01]} 111. Kg5 {[%emt 0:00:01]} Ra8 {[%emt 0:00:01]} 112. Re7 {[%emt 0:00:07]} Rb8 {[%emt 0:00:02]} 113. Kh6 {[%emt 0:01:08]} Ra8 {[%emt 0:00:03]} 114. Re6 {[%emt 0:00:17]} Rb8 {[%emt 0:00:03]} 115. Rf6 {[%emt 0:00:22]} Ra8 {[%emt 0:00:01]} 116. g7 {[%emt 0:00:47]} Rd8 {[%emt 0:00:02]} 117. Kg6 {[%emt 0:00:01]} Ra8 {[%emt 0:00:01]} 118. Re6 {[%emt 0:00:18]} Rb8 {[%emt 0:00:02]} 119. Kf6 {[%emt 0:00:02]} Ra8 {[%emt 0:00:04]} 120. Rd6 {[%emt 0:00:04]} Rb8 {[%emt 0:00:02]} 121. Ra6 {[%emt 0:00:07]} Rc8 {[%emt 0:00:03]} 122. Ra7 {[%emt 0:00:07]} Rc6+ {[%emt 0:00:03]} 123. Ke5 {[%emt 0:00:18]} Rg6 {[%emt 0:00:02]} 1/2-1/2

[Event "11th LCC Rapid 2019"]
[Site "London"]
[Date "2019.12.07"]
[Round "6.8"]
[White "Ilfeld, Etan"]
[Black "Kuzhelev, Timur"]
[Result "1-0"]
[WhiteElo "2188"]
[BlackElo "1745"]
[PlyCount "99"]
[EventDate "2019.12.08"]
[EventType "swiss"]
[EventCountry "ENG"]
[TimeControl "15+10"]
[WhiteClock "0:04:14"]
[BlackClock "0:00:27"]

1. e4 {[%emt 0:00:00]} e5 {[%emt 0:00:00]} 2. Nf3 {[%emt 0:00:00]} d5 {[%emt 0:00:00]} 3. exd5 {[%emt 0:00:00]} e4 {[%emt 0:00:00]} 4. Qe2 {[%emt 0:00:00]} Nf6 {[%emt 0:00:00]} 5. Nc3 {[%emt 0:00:00]} Be7 {[%emt 0:00:00]} 6. Nxe4 {[%emt 0:00:00]} Nxd5 {[%emt 0:00:00]} 7. d3 {[%emt 0:00:00]} O-O {[%emt 0:00:00]} 8. Bd2 {[%emt 0:00:00]} Re8 {[%emt 0:00:00]} 9. c4 {[%emt 0:00:00]} Nb4 {[%emt 0:00:00]} 10. O-O-O {[%emt 0:00:00]} f5 {[%emt 0:00:00]} 11. Bxb4 {[%emt 0:00:00]} Bxb4 {[%emt 0:00:00]} 12. Qc2 {[%emt 0:00:00]} fxe4 {[%emt 0:00:00]} 13. dxe4 {[%emt 0:00:00]} Qe7 {[%emt 0:00:00]} 14. Bd3 {[%emt 0:00:00]} Bg4 {[%emt 0:00:00]} 15. a3 {[%emt 0:00:00]} Bd6 {[%emt 0:00:00]} 16. e5 {[%emt 0:00:00]} Bxe5 {[%emt 0:00:00]} 17. Bxh7+ {[%emt 0:00:27]} Kh8 {[%emt 0:00:00]} 18. Rhe1 {[%emt 0:00:48]} Bxf3 {[%emt 0:00:00]} 19. gxf3 {[%emt 0:00:05]} Nc6 {[%emt 0:00:00]} 20. Kb1 {[%emt 0:00:50]} Qf6 {[%emt 0:00:00]} 21. Bg6 {[%emt 0:00:22]} Red8 {[%emt 0:00:00]} 22. Qe4 {[%emt 0:00:25]} Rxd1+ {[%emt 0:00:00]} 23. Rxd1 {[%emt 0:00:01]} Rd8 {[%emt 0:00:00]} 24. Rxd8+ {[%emt 0:00:04]} Qxd8 {[%emt 0:00:00]} 25. Qf5 {[%emt 0:00:31]} Bf6 {[%emt 0:00:00]} 26. Qh3+ {[%emt 0:00:33]} Bh4 {[%emt 0:00:00]} 27. Qf5 {[%emt 0:00:17]} Bg5 {[%emt 0:00:00]} 28. Qh3+ {[%emt 0:00:02]} Bh6 {[%emt 0:00:00]} 29. Be4 {[%emt 0:00:14]} Ne7 {[%emt 0:00:00]} 30. c5 {[%emt 0:00:10]} c6 {[%emt 0:00:00]} 31. Qe6 {[%emt 0:00:10]} Ng8 {[%emt 0:00:00]} 32. Qf5 {[%emt 0:00:24]} Nf6 {[%emt 0:00:00]} 33. Bc2 {[%emt 0:00:03]} Qd7 {[%emt 0:00:00]} 34. Qe5 {[%emt 0:00:03]} Qe8 {[%emt 0:00:00]} 35. Qc7 {[%emt 0:00:05]} Nd7 {[%emt 0:00:00]} 36. Qxb7 {[%emt 0:00:20]} Ne5 {[%emt 0:00:00]} 37. Qxa7 {[%emt 0:00:13]} Nxf3 {[%emt 0:00:00]} 38. Qc7 {[%emt 0:00:13]} Nd2+ {[%emt 0:00:00]} 39. Ka2 {[%emt 0:00:04]} Qe6+ {[%emt 0:00:00]} 40. b3 {[%emt 0:00:01]} Nf3 {[%emt 0:00:00]} 41. Qd6 {[%emt 0:00:27]} Qe8 {[%emt 0:00:03]} 42. Qd3 {[%emt 0:00:08]} Ng5 {[%emt 0:00:49]} 43. h4 {[%emt 0:00:07]} Qg8 {[%emt 0:01:02]} 44. hxg5 {[%emt 0:00:05]} Bxg5 {[%emt 0:00:01]} 45. Qg6 {[%emt 0:00:14]} Bh6 {[%emt 0:00:05]} 46. a4 {[%emt 0:00:10]} Bd2 {[%emt 0:00:18]} 47. Qxc6 {[%emt 0:00:07]} Qf8 {[%emt 0:00:49]} 48. Qe4 {[%emt 0:00:08]} Qg8 {[%emt 0:01:01]} 49. c6 {[%emt 0:00:07]} Bh6 {[%emt 0:00:03]} 50. c7 {[%emt 0:00:10]} 1-0

[Event "11th LCC Rapid 2019"]
[Site "London"]
[Date "2019.12.07"]
[Round "6.9"]
[White "Cordes, Hans-Joerg"]
[Black "Makkar, Rajat"]
[Result "0-1"]
[WhiteElo "2207"]
[BlackElo "2137"]
[PlyCount "76"]
[EventDate "2019.12.08"]
[EventType "swiss"]
[EventCountry "ENG"]
[TimeControl "15+10"]

1. d4 {[%emt 0:21:30]} d5 {[%emt 0:00:02]} 2. c4 {[%emt 0:00:04]} c6 {[%emt 0:00:02]} 3. Nf3 {[%emt 0:00:03]} Nf6 {[%emt 0:00:04]} 4. e3 {[%emt 0:00:02]} Bf5 {[%emt 0:00:04]} 5. Bd3 {[%emt 0:00:12]} Bxd3 {[%emt 0:00:07]} 6. Qxd3 {[%emt 0:00:02]} e6 {[%emt 0:00:05]} 7. O-O {[%emt 0:00:02]} Nbd7 {[%emt 0:00:04]} 8. Nc3 {[%emt 0:00:04]} Bd6 {[%emt 0:00:07]} 9. e4 {[%emt 0:00:06]} dxe4 {[%emt 0:00:09]} 10. Nxe4 {[%emt 0:00:02]} Nxe4 {[%emt 0:00:03]} 11. Qxe4 O-O {[%emt 0:00:11]} 12. b3 {[%emt 0:00:10]} Nf6 {[%emt 0:00:05]} 13. Qh4 {[%emt 0:00:06]} h6 {[%emt 0:00:35]} 14. Bb2 {[%emt 0:00:08]} Kh7 {[%emt 0:00:06]} 15. Rad1 {[%emt 0:00:16]} Qe7 {[%emt 0:01:05]} 16. Rfe1 {[%emt 0:00:06]} Rae8 {[%emt 0:00:54]} 17. Rd3 {[%emt 0:01:18]} Rg8 {[%emt 0:00:34]} 18. Ne5 {[%emt 0:00:51]} Nd7 {[%emt 0:00:40]} 19. Qe4+ {[%emt 0:00:19]} f5 {[%emt 0:00:14]} 20. Qe2 {[%emt 0:00:08]} Nxe5 {[%emt 0:00:03]} 21. dxe5 {[%emt 0:00:03]} Bc5 {[%emt 0:00:14]} 22. Rh3 {[%emt 0:04:06]} Rd8 {[%emt 0:00:24]} 23. Bc1 {[%emt 0:00:23]} Rd4 {[%emt 0:00:43]} 24. Qh5 {[%emt 0:00:11]} Qe8 {[%emt 0:01:31]} 25. Qg5 {[%emt 0:00:48]} Qg6 {[%emt 0:01:04]} 26. Qe3 {[%emt 0:00:13]} Re4 {[%emt 0:00:22]} 27. Qc3 {[%emt 0:00:03]} Rd8 {[%emt 0:00:45]} 28. Rg3 {[%emt 0:01:03]} Rxe1+ {[%emt 0:00:23]} 29. Qxe1 {[%emt 0:00:02]} Qh5 {[%emt 0:00:04]} 30. Rf3 {[%emt 0:00:39]} Qg4 {[%emt 0:00:16]} 31. h3 {[%emt 0:02:06]} Qe4 {[%emt 0:00:11]} 32. Qxe4 {[%emt 0:00:37]} fxe4 {[%emt 0:00:03]} 33. Rc3 {[%emt 0:00:03]} Rd1+ {[%emt 0:00:12]} 34. Kh2 {[%emt 0:00:02]} Bxf2 {[%emt 0:00:55]} 35. Be3 {[%emt 0:00:01]} Rd3 {[%emt 0:02:54]} 36. Rxd3 {[%emt 0:00:49]} exd3 {[%emt 0:00:02]} 37. Bd2 {[%emt 0:00:01]} Bh4 {[%emt 0:01:46]} 38. g4 {[%emt 0:00:12]} Bg5 {[%emt 0:00:07]} 0-1

[Event "11th LCC Rapid 2019"]
[Site "London"]
[Date "2019.12.07"]
[Round "6.10"]
[White "Ortiz Sanchez, Luis"]
[Black "Fernandez, Michael"]
[Result "1/2-1/2"]
[WhiteElo "1947"]
[BlackElo "2186"]
[PlyCount "96"]
[EventDate "2019.12.08"]
[EventType "swiss"]
[EventCountry "ENG"]
[TimeControl "15+10"]
[WhiteClock "0:01:02"]
[BlackClock "0:05:06"]

1. e4 {[%emt 0:00:00]} c5 {[%emt 0:00:00]} 2. Nc3 {[%emt 0:00:00]} g6 {[%emt 0:00:00]} 3. a3 {[%emt 0:00:00]} Bg7 {[%emt 0:00:00]} 4. Bc4 {[%emt 0:00:00]} Nc6 {[%emt 0:00:00]} 5. d3 {[%emt 0:00:00]} a6 {[%emt 0:00:00]} 6. Ba2 {[%emt 0:00:00]} e6 {[%emt 0:00:00]} 7. Rb1 {[%emt 0:00:00]} Nge7 {[%emt 0:00:00]} 8. h4 {[%emt 0:00:00]} d5 {[%emt 0:00:00]} 9. exd5 {[%emt 0:00:00]} exd5 {[%emt 0:00:00]} 10. h5 {[%emt 0:00:00]} Nd4 {[%emt 0:00:00]} 11. Nce2 {[%emt 0:00:00]} Bg4 {[%emt 0:00:00]} 12. hxg6 {[%emt 0:00:00]} hxg6 {[%emt 0:00:00]} 13. Rxh8+ {[%emt 0:00:00]} Bxh8 {[%emt 0:00:00]} 14. c3 {[%emt 0:00:00]} Nxe2 {[%emt 0:00:00]} 15. Nxe2 {[%emt 0:00:00]} Nc6 {[%emt 0:00:00]} 16. Bf4 {[%emt 0:00:00]} Be5 {[%emt 0:00:00]} 17. Qd2 {[%emt 0:00:00]} Qe7 {[%emt 0:00:00]} 18. Bxe5 {[%emt 0:00:00]} Nxe5 {[%emt 0:00:00]} 19. Qe3 {[%emt 0:00:00]} O-O-O {[%emt 0:00:41]} 20. Kd2 {[%emt 0:00:00]} d4 {[%emt 0:00:55]} 21. cxd4 {[%emt 0:00:00]} Bxe2 {[%emt 0:00:03]} 22. Qxe5 {[%emt 0:00:00]} Qxe5 {[%emt 0:00:03]} 23. dxe5 {[%emt 0:00:00]} Bxd3 {[%emt 0:00:02]} 24. Ra1 {[%emt 0:00:00]} b5 {[%emt 0:01:24]} 25. Ke3 {[%emt 0:00:00]} c4 {[%emt 0:00:04]} 26. Rd1 {[%emt 0:00:00]} Re8 {[%emt 0:00:17]} 27. f4 {[%emt 0:00:00]} f6 {[%emt 0:00:09]} 28. Kd4 {[%emt 0:00:00]} fxe5+ {[%emt 0:00:20]} 29. fxe5 {[%emt 0:00:00]} Kd7 {[%emt 0:00:29]} 30. a4 {[%emt 0:00:00]} Ke6 {[%emt 0:00:12]} 31. Re1 {[%emt 0:00:00]} Rd8+ {[%emt 0:00:05]} 32. Kc5 {[%emt 0:00:00]} Rd5+ {[%emt 0:00:07]} 33. Kc6 {[%emt 0:00:00]} bxa4 {[%emt 0:00:01]} 34. Re3 {[%emt 0:00:00]} Bf1 {[%emt 0:00:44]} 35. Rg3 {[%emt 0:00:36]} Rd2 {[%emt 0:00:13]} 36. Kc5 {[%emt 0:00:52]} Kxe5 {[%emt 0:00:11]} 37. Re3+ {[%emt 0:00:14]} Kf4 {[%emt 0:00:04]} 38. Rf3+ {[%emt 0:00:01]} Ke5 {[%emt 0:00:10]} 39. Rxf1 {[%emt 0:00:03]} Rxb2 {[%emt 0:00:03]} 40. Bxc4 {[%emt 0:00:03]} Rxg2 {[%emt 0:00:04]} 41. Bxa6 {[%emt 0:00:10]} Rg4 {[%emt 0:00:15]} 42. Ra1 {[%emt 0:00:15]} g5 {[%emt 0:00:12]} 43. Bc4 {[%emt 0:00:01]} Re4 {[%emt 0:00:07]} 44. Rxa4 {[%emt 0:00:04]} Kf4 {[%emt 0:00:02]} 45. Ra8 {[%emt 0:00:05]} g4 {[%emt 0:00:06]} 46. Bd5 {[%emt 0:00:04]} Re2 {[%emt 0:00:04]} 47. Rf8+ {[%emt 0:00:27]} Ke3 {[%emt 0:00:03]} 48. Re8+ {[%emt 0:00:14]} Kf2 {[%emt 0:00:03]} 1/2-1/2

[Event "11th LCC Rapid 2019"]
[Site "London"]
[Date "2019.12.07"]
[Round "6.11"]
[White "Watson, Jacob"]
[Black "Abrahams, Daniel"]
[Result "0-1"]
[WhiteElo "1922"]
[BlackElo "2176"]
[PlyCount "60"]
[EventDate "2019.12.08"]
[EventType "swiss"]
[EventCountry "ENG"]
[TimeControl "15+10"]
[WhiteClock "0:15:21"]
[BlackClock "0:03:14"]

1. d4 {[%emt 0:00:00]} Nf6 {[%emt 0:00:00]} 2. Nf3 {[%emt 0:00:00]} e6 {[%emt 0:00:00]} 3. Bf4 {[%emt 0:00:00]} c5 {[%emt 0:00:00]} 4. c3 {[%emt 0:00:00]} b6 {[%emt 0:00:00]} 5. e3 {[%emt 0:00:00]} Bb7 {[%emt 0:00:00]} 6. Nbd2 {[%emt 0:00:00]} cxd4 {[%emt 0:00:00]} 7. cxd4 {[%emt 0:00:00]} Nc6 {[%emt 0:00:00]} 8. Be2 {[%emt 0:00:00]} d6 {[%emt 0:00:00]} 9. O-O {[%emt 0:00:00]} Be7 {[%emt 0:00:00]} 10. h3 {[%emt 0:00:00]} O-O {[%emt 0:00:00]} 11. Re1 {[%emt 0:00:00]} Re8 {[%emt 0:00:00]} 12. Bf1 {[%emt 0:00:00]} Bf8 {[%emt 0:00:00]} 13. e4 {[%emt 0:00:00]} e5 {[%emt 0:00:00]} 14. dxe5 {[%emt 0:00:00]} Nxe5 {[%emt 0:00:00]} 15. Nxe5 {[%emt 0:00:00]} dxe5 {[%emt 0:00:00]} 16. Bg3 {[%emt 0:00:00]} Qd4 {[%emt 0:00:00]} 17. Nf3 {[%emt 0:00:00]} Qxb2 {[%emt 0:00:00]} 18. Re2 {[%emt 0:00:00]} Qc3 {[%emt 0:00:00]} 19. Rc2 {[%emt 0:00:00]} Qa5 {[%emt 0:00:00]} 20. Rc7 {[%emt 0:00:00]} Bxe4 {[%emt 0:00:00]} 21. Bc4 {[%emt 0:00:00]} Bd5 {[%emt 0:00:00]} 22. Bxe5 {[%emt 0:00:00]} Bxc4 {[%emt 0:00:00]} 23. Bxf6 {[%emt 0:00:00]} b5 {[%emt 0:00:00]} 24. Rc6 {[%emt 0:00:00]} gxf6 {[%emt 0:00:00]} 25. Nh4 {[%emt 0:00:00]} Rad8 {[%emt 0:00:00]} 26. Qg4+ {[%emt 0:00:00]} Kh8 {[%emt 0:00:00]} 27. Nf5 {[%emt 0:00:00]} Re1+ {[%emt 0:00:00]} 28. Rxe1 {[%emt 0:00:00]} Qxe1+ {[%emt 0:00:00]} 29. Kh2 {[%emt 0:00:00]} Be6 {[%emt 0:00:00]} 30. f4 {[%emt 0:02:01]} Qe4 {[%emt 0:00:00]} 0-1